00501 a2200121 4500001001000000005001700010008004100027245017200068100002300240700002100263700002400284773007100308ART_5886620260410161830.0260409a 10aImpacto de la implementación de un servicio de atención de emergencias sobre las muertes por accidentes de tránsito: el caso same en la provincia de Buenos Aires1 aBenzaquén, Ivana1 aEpele, Nicolás1 aMarchionni, Mariana0 tEstudios Económicosg- Vol. 40, Nº 80 (ene./jun. 2023)wREV5080